| 000 | 00992nas a2200301 4500 | ||
|---|---|---|---|
| 001 | BR2018002658 | ||
| 003 | BR-BrBNA | ||
| 005 | 20231205131515.0 | ||
| 007 | ta | ||
| 008 | 230509b bl.|||p| |||| 00| 00por d | ||
| 040 |
_aBR-BrBNA _bpor _cBiblioteca Nacional de Agricultura |
||
| 041 | _a(Pt) | ||
| 072 | _aQ80 | ||
| 100 | 1 | _aAlves, R. do N. | |
| 100 | 1 | _aChaves, K. da S. | |
| 100 | 1 | _aSantos Júnior, S.M. dos | |
| 100 | 1 | _aMeireles, B.R.L. de A. | |
| 100 | 1 | _aFonseca, S.B. da | |
| 100 | 1 | _aSilva, R.B. da | |
| 100 | 1 | _aStefani, R. | |
| 245 | 1 | _aDesenvolvimento e caracterização de filme biodegradável inteligente à base de amido de banana verde e extrato de Brassica oleraceae (repolho roxo) | |
| 650 | _aARMAZENAMENTO | ||
| 650 | _aEMBALAGEM | ||
| 650 | _aVIDA-DE-PRATELEIRA | ||
| 773 | 0 |
_tHigiene Alimentar (Brazil) _xISSN 0101-9171 _g(Sep-Oct 2018), v. 32(284-285) p. 117-121 _wBR2018002658 |
|
| 909 |
_a202311 _bLúcia _c55 _dLúcia Elande |
||
| 942 |
_2AGRIS _n0 _cANA |
||
| 999 |
_c255184 _d255184 |
||